[Event "Szuperliga - GM Szabo Laszlo"]
[Site "Nagykanizsa"]
[Date "2024.04.21"]
[Round "7.6"]
[White "Horvath, Dominik"]
[Black "Torma, Robert"]
[Result "1/2-1/2"]
[WhiteElo "2538"]
[BlackElo "2413"]
[PlyCount "103"]
[EventDate "2023.10.28"]
[EventType "team-tourn"]
[EventRounds "9"]
[EventCountry "HUN"]
[Source "chess.hu"]
[WhiteTeam "Tuxera ANSK"]
[BlackTeam "Viadukt Biatorbagy"]
[WhiteTeamCountry "HUN"]
[BlackTeamCountry "HUN"]

1. e4 e6 2. d4 d5 3. Nc3 Bb4 4. Nge2 dxe4 5. a3 Bxc3+ 6. Nxc3 Nc6 7. Bf4 Nge7
8. Qd2 e5 9. dxe5 Qxd2+ 10. Bxd2 Bf5 11. O-O-O O-O-O 12. Re1 Nxe5 13. Nxe4 N7c6
14. Ng3 Bd7 15. f4 Ng4 16. Bc3 Rhe8 17. Rxe8 Rxe8 18. Bxg7 Nf2 19. Rg1 Re1+ 20.
Kd2 Rb1 21. b4 Ne7 22. Ke2 Ng4 23. Rh1 f5 24. Bd4 Nc6 25. Bc5 b6 26. Bf8 Kd8
27. Bg7 Ne7 28. Bd4 Nc6 29. Bg7 Ne7 30. Bd4 Nc6 31. Bg1 Ra1 32. h3 Nh6 33. b5
Ne7 34. Kd2 Rxa3 35. Bf2 Nd5 36. Nh5 Be8 37. Bc4 Nc3 38. Nf6 Bxb5 39. Bb3 Ne4+
40. Nxe4 fxe4 41. g4 Ba4 42. Bd5 Kd7 43. Bxe4 Bc6 44. Bxc6+ Kxc6 45. Bd4 Kd5
46. Bb2 Rg3 47. Be5 c5 48. Bb8 a5 49. f5 Rg2+ 50. Ke3 Rxc2 51. Rd1+ Kc4 52. Rd7
1/2-1/2

[Event "Szuperliga - GM Szabo Laszlo"]
[Site "Nagykanizsa"]
[Date "2024.04.21"]
[Round "7.7"]
[White "Vanczak, Tamas"]
[Black "Medvegy, Zoltan"]
[Result "0-1"]
[WhiteElo "2424"]
[BlackElo "2504"]
[PlyCount "98"]
[EventDate "2023.10.28"]
[EventType "team-tourn"]
[EventRounds "9"]
[EventCountry "HUN"]
[Source "chess.hu"]
[WhiteTeam "Viadukt Biatorbagy"]
[BlackTeam "Tuxera ANSK"]
[WhiteTeamCountry "HUN"]
[BlackTeamCountry "HUN"]

1. e4 c5 2. Nf3 e6 3. d4 cxd4 4. Nxd4 Nf6 5. Nc3 Nc6 6. a3 Be7 7. Be2 O-O 8.
O-O d5 9. exd5 Nxd5 10. Nxd5 exd5 11. Be3 Bf6 12. Qd2 Re8 13. Bb5 Bd7 14. a4 a6
15. Bxc6 bxc6 16. b4 Qe7 17. Rae1 c5 18. Nb3 cxb4 19. Bc5 Qxe1 20. Rxe1 Bc3 21.
Rxe8+ Rxe8 22. Qd1 Re1+ 23. Qxe1 Bxe1 24. a5 Bc3 25. Nd4 Ba4 26. Ne2 Bd2 27.
Nd4 Bc3 28. Ne2 Bd2 29. Nd4 f6 30. Kf1 Bc3 31. Ke2 Bxd4 32. Bxd4 Bxc2 33. Kd2
b3 34. Ke3 Kf7 35. Bb2 Ke6 36. Ba3 Kd7 37. Kd4 Kc6 38. f3 Bd1 39. Bb2 Be2 40.
Bc3 Bc4 41. f4 Kb5 42. Ke3 Bf1 43. g3 Kc4 44. Kd2 Bh3 45. Bb2 d4 46. Ba1 Kd5
47. Bb2 Ke4 48. Ba1 Be6 49. Bb2 Bc4 0-1

[Event "Szuperliga - GM Szabo Laszlo"]
[Site "Nagykanizsa"]
[Date "2024.04.21"]
[Round "7.8"]
[White "Aczel, Gergely"]
[Black "Pribelszky, Bence"]
[Result "1-0"]
[WhiteElo "2491"]
[BlackElo "2368"]
[PlyCount "91"]
[EventDate "2023.10.28"]
[EventType "team-tourn"]
[EventRounds "9"]
[EventCountry "HUN"]
[Source "chess.hu"]
[WhiteTeam "Tuxera ANSK"]
[BlackTeam "Viadukt Biatorbagy"]
[WhiteTeamCountry "HUN"]
[BlackTeamCountry "HUN"]

1. c4 b6 2. e4 Bb7 3. Nc3 e5 4. d3 Nc6 5. g3 Bc5 6. Bg2 Nge7 7. Nge2 O-O 8. O-O
Nd4 9. Nxd4 Bxd4 10. Ne2 f5 11. Nxd4 exd4 12. Re1 fxe4 13. Bxe4 Bxe4 14. Rxe4
d5 15. Rxd4 c5 16. Rf4 dxc4 17. Rxf8+ Qxf8 18. dxc4 Rd8 19. Qg4 Qf5 20. Qxf5
Rd1+ 21. Kg2 Nxf5 22. b3 Nd4 23. Bb2 Rd2 24. Bxd4 Rxd4 25. Re1 Rd2 26. a4 Kf7
27. Re3 Rb2 28. g4 Kg6 29. h3 h5 30. Kg3 hxg4 31. hxg4 Kf6 32. f4 Rb1 33. Kf3
Rf1+ 34. Ke4 g5 35. Rf3 Re1+ 36. Kd5 Rb1 37. a5 gxf4 38. Rxf4+ Kg5 39. Rf7 bxa5
40. Rxa7 Rxb3 41. Rxa5 Kxg4 42. Rxc5 Kf5 43. Rc8 Kf6 44. Re8 Kf7 45. Re1 Rd3+
46. Kc6 1-0

[Event "Szuperliga - GM Szabo Laszlo"]
[Site "Nagykanizsa"]
[Date "2024.04.21"]
[Round "7.9"]
[White "Szikszai, Bertalan"]
[Black "Palczert, Matyas"]
[Result "1/2-1/2"]
[WhiteElo "2269"]
[BlackElo "2333"]
[PlyCount "86"]
[EventDate "2023.10.28"]
[EventType "team-tourn"]
[EventRounds "9"]
[EventCountry "HUN"]
[Source "chess.hu"]
[WhiteTeam "Viadukt Biatorbagy"]
[BlackTeam "Tuxera ANSK"]
[WhiteTeamCountry "HUN"]
[BlackTeamCountry "HUN"]

1. e4 c6 2. d4 d5 3. e5 Bf5 4. c4 e6 5. Nc3 Bb4 6. cxd5 Qxd5 7. a3 Bxc3+ 8.
bxc3 c5 9. Nf3 Qe4+ 10. Be3 cxd4 11. Qxd4 Nc6 12. Qxe4 Bxe4 13. Nd2 Bg6 14. Nc4
O-O-O 15. Be2 Nge7 16. Bc5 Nd5 17. O-O Nxc3 18. Bf3 Bd3 19. Nd6+ Rxd6 20. Rfc1
Ne2+ 21. Bxe2 Rd5 22. Bf3 Rxe5 23. Bxa7 Rd8 24. Be3 Be4 25. Bf4 Rf5 26. Bxe4
Rxf4 27. Bxc6 bxc6 28. Rxc6+ Kb7 29. Rc2 Rd6 30. g3 Rfd4 31. Kg2 Rc6 32. Rb1+
Kc7 33. Rcb2 Kd7 34. Rb8 Rc7 35. Rg8 g6 36. Rg7 Ke7 37. Rxh7 Ra4 38. Rb3 Rca7
39. Rf3 Kf8 40. Rh8+ Kg7 41. Rb8 g5 42. h3 f5 43. h4 Kf6 1/2-1/2

[Event "Szuperliga - GM Szabo Laszlo"]
[Site "Nagykanizsa"]
[Date "2024.04.21"]
[Round "7.10"]
[White "Gara, Anita"]
[Black "Erdos, Boglarka"]
[Result "1-0"]
[WhiteElo "2336"]
[BlackElo "2121"]
[PlyCount "127"]
[EventDate "2023.10.28"]
[EventType "team-tourn"]
[EventRounds "9"]
[EventCountry "HUN"]
[Source "chess.hu"]
[WhiteTeam "Tuxera ANSK"]
[BlackTeam "Viadukt Biatorbagy"]
[WhiteTeamCountry "HUN"]
[BlackTeamCountry "HUN"]

1. e4 e5 2. Nf3 Nc6 3. d4 exd4 4. Bc4 Nf6 5. e5 d5 6. Bb5 Ne4 7. Nxd4 Bd7 8.
Bxc6 bxc6 9. O-O Bc5 10. f3 Ng5 11. f4 Ne4 12. Be3 Qe7 13. Nd2 Nxd2 14. Qxd2
O-O 15. Rae1 Bb6 16. Nb3 Bf5 17. Qc3 Qd7 18. Bc5 Rab8 19. h3 h5 20. Kh2 Rfe8
21. a4 Qe6 22. Re3 h4 23. Rf2 Qh6 24. Nd4 Be4 25. b3 Qg6 26. a5 Bxc5 27. Qxc5
f6 28. Nxc6 fxe5 29. fxe5 d4 30. Rxe4 Qxe4 31. Nxb8 Rxb8 32. Qxc7 Rb7 33. Qc8+
Kh7 34. Qf5+ Qxf5 35. Rxf5 Rb5 36. Rh5+ Kg6 37. Rxh4 Rxe5 38. b4 d3 39. cxd3
Rd5 40. Rc4 Rxd3 41. Rc6+ Kh7 42. Rc7 Rb3 43. Rxa7 Rxb4 44. Rc7 Ra4 45. Rc5 Ra3
46. Rb5 Kg6 47. h4 Kh6 48. Rg5 Re3 49. Kg1 Re4 50. g3 Re2 51. Kf1 Re3 52. Kf2
Re4 53. Kf3 Re1 54. Kf4 Re2 55. Rb5 Rf2+ 56. Ke4 Rg2 57. Rg5 Rd2 58. Ke5 Rd3
59. Ke6 Kh7 60. g4 Kh6 61. Rd5 Rg3 62. Rh5+ Kg6 63. Rg5+ Kh6 64. Kf7 1-0

[Event "Szuperliga - GM Szabo Laszlo"]
[Site "Tapolca"]
[Date "2024.04.21"]
[Round "7.1"]
[White "Mihok, Oliver"]
[Black "Ostovic, Matija"]
[Result "1/2-1/2"]
[WhiteElo "2544"]
[BlackElo "2375"]
[PlyCount "109"]
[EventDate "2023.10.28"]
[EventType "team-tourn"]
[EventRounds "9"]
[EventCountry "HUN"]
[Source "chess.hu"]
[WhiteTeam "Duocor-Makoi SVSE"]
[BlackTeam "Tapolca Varosi VSE"]
[WhiteTeamCountry "HUN"]
[BlackTeamCountry "HUN"]

1. e4 e5 2. Nf3 d6 3. d4 Nf6 4. Nc3 Nbd7 5. Bc4 Be7 6. a4 O-O 7. O-O c6 8. Re1
h6 9. h3 Re8 10. a5 Bf8 11. Be3 exd4 12. Bxd4 Qc7 13. b4 Ne5 14. Bf1 a6 15. Bb6
Nxf3+ 16. Qxf3 Qe7 17. Rad1 Be6 18. Bd4 Nd7 19. Nd5 cxd5 20. exd5 Ne5 21. Bxe5
dxe5 22. dxe6 Qxe6 23. c3 e4 24. Qe3 Rac8 25. Rd4 Bd6 26. Qd2 Red8 27. g3 Bc7
28. Qe3 Rxd4 29. Qxd4 Be5 30. Qxe4 Bxc3 31. Qxe6 fxe6 32. Rc1 Rc7 33. Bg2 Be5
34. Rb1 Kf7 35. Kf1 Ke7 36. f4 Bd6 37. b5 Rc5 38. Bxb7 Rxb5 39. Rxb5 axb5 40.
a6 Bb8 41. Ke2 Kd6 42. Kd3 Kc5 43. Bc8 Kb6 44. Ke4 b4 45. Bxe6 Kxa6 46. Kf5 Ba7
47. Kg6 Bd4 48. g4 Kb5 49. g5 hxg5 50. fxg5 Ka4 51. h4 b3 52. h5 Ka3 53. h6
gxh6 54. Bxb3 hxg5 55. Kxg5 1/2-1/2

[Event "Szuperliga - GM Szabo Laszlo"]
[Site "Tapolca"]
[Date "2024.04.21"]
[Round "7.2"]
[White "Cop, Tomislav"]
[Black "Kosic, Dragan"]
[Result "1/2-1/2"]
[WhiteElo "2306"]
[BlackElo "2367"]
[PlyCount "90"]
[EventDate "2023.10.28"]
[EventType "team-tourn"]
[EventRounds "9"]
[EventCountry "HUN"]
[Source "chess.hu"]
[WhiteTeam "Tapolca Varosi VSE"]
[BlackTeam "Duocor-Makoi SVSE"]
[WhiteTeamCountry "HUN"]
[BlackTeamCountry "HUN"]

1. e4 e6 2. d4 d5 3. e5 Bd7 4. Nf3 a6 5. c4 dxc4 6. Bxc4 Bc6 7. O-O Ne7 8. Nc3
h6 9. Re1 Nd7 10. d5 exd5 11. Nxd5 Bxd5 12. Bxd5 Nxd5 13. Qxd5 Nc5 14. Qc4 Qd3
15. e6 Qxc4 16. exf7+ Kxf7 17. Ne5+ Kg8 18. Nxc4 Kh7 19. Be3 Rd8 20. Rac1 Nd3
21. Red1 Bb4 22. Rc2 b5 23. Nd2 c5 24. a3 Bxd2 25. Rcxd2 c4 26. g4 Rhe8 27. Kg2
Rd6 28. h3 Red8 29. Kg3 a5 30. Rc2 a4 31. Rcd2 Re8 32. Rb1 Rd7 33. Rf1 Rf8 34.
Rfd1 Rdf7 35. Kg2 Rd7 36. Kg3 Re8 37. Rf1 g5 38. Rh1 Kg6 39. h4 Rd5 40. hxg5
hxg5 41. Rh5 Rde5 42. Kf3 Rf8+ 43. Kg3 Rfe8 44. Kf3 Rf8+ 45. Kg3 Rfe8 1/2-1/2

[Event "Szuperliga - GM Szabo Laszlo"]
[Site "Tapolca"]
[Date "2024.04.21"]
[Round "7.3"]
[White "Saric, Sinisa"]
[Black "Buzas, Bertalan"]
[Result "1-0"]
[WhiteElo "2367"]
[BlackElo "2286"]
[PlyCount "67"]
[EventDate "2023.10.28"]
[EventType "team-tourn"]
[EventRounds "9"]
[EventCountry "HUN"]
[Source "chess.hu"]
[WhiteTeam "Duocor-Makoi SVSE"]
[BlackTeam "Tapolca Varosi VSE"]
[WhiteTeamCountry "HUN"]
[BlackTeamCountry "HUN"]

1. d4 Nf6 2. c4 g6 3. Nc3 Bg7 4. e4 d6 5. Nf3 O-O 6. Be2 Nbd7 7. Be3 e5 8. d5
Ng4 9. Bg5 f6 10. Bd2 f5 11. Ng5 Ndf6 12. exf5 gxf5 13. h3 Nh6 14. g4 Qe7 15.
Ne6 Bxe6 16. dxe6 Ne4 17. g5 Nxg5 18. Nd5 Qxe6 19. Bxg5 Rf7 20. Qd2 c6 21. Nc3
Rd7 22. O-O-O Nf7 23. Kb1 Kh8 24. Rhg1 Nxg5 25. Qxg5 Bf6 26. Qh6 e4 27. f3 Qe5
28. fxe4 fxe4 29. Rg4 Bg7 30. Qe3 d5 31. cxd5 cxd5 32. Rxe4 dxe4 33. Rxd7 Qf5
34. Bg4 1-0

[Event "Szuperliga - GM Szabo Laszlo"]
[Site "Tapolca"]
[Date "2024.04.21"]
[Round "7.4"]
[White "Istvandi, Lajos"]
[Black "Hujbert, Florian"]
[Result "0-1"]
[WhiteElo "2231"]
[BlackElo "2411"]
[PlyCount "78"]
[EventDate "2023.10.28"]
[EventType "team-tourn"]
[EventRounds "9"]
[EventCountry "HUN"]
[Source "chess.hu"]
[WhiteTeam "Tapolca Varosi VSE"]
[BlackTeam "Duocor-Makoi SVSE"]
[WhiteTeamCountry "HUN"]
[BlackTeamCountry "HUN"]

1. e4 c5 2. Nf3 Nc6 3. Bb5 Nf6 4. e5 Nd5 5. Nc3 Nc7 6. Bxc6 dxc6 7. h3 h6 8.
O-O Bf5 9. d3 g5 10. Re1 Ne6 11. Ne4 Bg7 12. Ng3 Bg6 13. b3 b5 14. Bb2 Qd5 15.
Nf1 Qd7 16. Ne3 h5 17. Nd2 Nd4 18. Bxd4 cxd4 19. Nef1 Qd5 20. Qe2 g4 21. h4 Bh6
22. g3 Bf5 23. Qd1 O-O 24. Re2 c5 25. Qe1 Bc8 26. Nh2 Bb7 27. Re4 f5 28. exf6
exf6 29. f3 f5 30. Re7 Be3+ 31. Rxe3 dxe3 32. Qxe3 Qd4 33. Re1 Rae8 34. Qxd4
Rxe1+ 35. Kf2 cxd4 36. Kxe1 Re8+ 37. Kd1 f4 38. Ndf1 Bxf3+ 39. Nxf3 gxf3 0-1

[Event "Szuperliga - GM Szabo Laszlo"]
[Site "Tapolca"]
[Date "2024.04.21"]
[Round "7.5"]
[White "Horvath, Zsolt"]
[Black "Kassay, Krisztian"]
[Result "1-0"]
[WhiteElo "2383"]
[BlackElo "2126"]
[PlyCount "111"]
[EventDate "2023.10.28"]
[EventType "team-tourn"]
[EventRounds "9"]
[EventCountry "HUN"]
[Source "chess.hu"]
[WhiteTeam "Duocor-Makoi SVSE"]
[BlackTeam "Tapolca Varosi VSE"]
[WhiteTeamCountry "HUN"]
[BlackTeamCountry "HUN"]

1. d4 Nf6 2. Bf4 e6 3. e3 c5 4. Nd2 Be7 5. c3 O-O 6. h3 a6 7. Ngf3 b6 8. Bd3
cxd4 9. exd4 Bb7 10. O-O d6 11. Re1 Nbd7 12. a4 Re8 13. Nc4 Qc7 14. Bg3 Bc6 15.
Qe2 Bf8 16. Bh2 Be7 17. Nfd2 Qb8 18. Ne3 Qb7 19. Ndc4 Qb8 20. Qc2 Ra7 21. Re2
Nf8 22. Rae1 Ng6 23. f4 b5 24. Na5 Ba8 25. f5 exf5 26. Nxf5 Bf8 27. Rxe8 Nxe8
28. Be4 Qb6 29. Bxa8 Rxa8 30. b4 Nf6 31. axb5 axb5 32. Qd3 Rc8 33. Qf3 d5 34.
Nb3 Ne4 35. Nc5 Bxc5 36. dxc5 Qf6 37. Nd6 Qxf3 38. gxf3 Nxd6 39. Bxd6 Nh4 40.
Kf2 Nf5 41. Re5 g6 42. Rxd5 f6 43. Bf4 Kf7 44. Ke2 Ke6 45. Rd3 Ne7 46. Rd6+ Kf5
47. Be3 Nc6 48. Bd4 Ne5 49. Bxe5 Kxe5 50. Kd3 Ra8 51. Rd7 h5 52. c4 Ra3+ 53.
Kc2 bxc4 54. c6 Ke6 55. Rd8 Ra7 56. b5 1-0

[Event "Szuperliga - GM Szabo Laszlo"]
[Site "Tapolca"]
[Date "2024.04.21"]
[Round "7.6"]
[White "Szabo, Benjamin"]
[Black "Szalai, Kornel"]
[Result "0-1"]
[WhiteElo "2078"]
[BlackElo "2380"]
[PlyCount "86"]
[EventDate "2023.10.28"]
[EventType "team-tourn"]
[EventRounds "9"]
[EventCountry "HUN"]
[Source "chess.hu"]
[WhiteTeam "Tapolca Varosi VSE"]
[BlackTeam "Duocor-Makoi SVSE"]
[WhiteTeamCountry "HUN"]
[BlackTeamCountry "HUN"]

1. d4 Nf6 2. Nf3 g6 3. g3 Bg7 4. Bg2 O-O 5. O-O d6 6. Nbd2 Nc6 7. c3 e5 8. Qc2
exd4 9. Nxd4 Nxd4 10. cxd4 d5 11. Qb3 c6 12. a4 Re8 13. Re1 Qb6 14. e3 Qc7 15.
Qc3 a5 16. b3 Bf5 17. Ba3 Qd7 18. Rac1 h5 19. Bc5 Qd8 20. Qb2 Nd7 21. Qa2 Nxc5
22. dxc5 h4 23. e4 Be6 24. Qc2 Rc8 25. Rcd1 b6 26. Nf3 hxg3 27. fxg3 bxc5 28.
Qxc5 Bg4 29. h3 Bxf3 30. Bxf3 Qc7 31. Kg2 d4 32. Bg4 Rb8 33. Rd3 Rbd8 34. Rc1
Rd6 35. Bf3 Re5 36. Qc4 Qb6 37. h4 Bh6 38. Rc2 c5 39. Rd1 Qd8 40. Qb5 Qc7 41.
Be2 Rxe4 42. Bc4 Rb6 43. Qxa5 Re3 0-1

[Event "Szuperliga - GM Szabo Laszlo"]
[Site "Tapolca"]
[Date "2024.04.21"]
[Round "7.7"]
[White "Tatar Kis, Szabolcs"]
[Black "Marton, Jozsef"]
[Result "0-1"]
[WhiteElo "2346"]
[BlackElo "1996"]
[PlyCount "112"]
[EventDate "2023.10.28"]
[EventType "team-tourn"]
[EventRounds "9"]
[EventCountry "HUN"]
[Source "chess.hu"]
[WhiteTeam "Duocor-Makoi SVSE"]
[BlackTeam "Tapolca Varosi VSE"]
[WhiteTeamCountry "HUN"]
[BlackTeamCountry "HUN"]

1. e4 c6 2. d4 d5 3. exd5 cxd5 4. c4 Nf6 5. Nc3 Nc6 6. Bg5 Be6 7. a3 g6 8. Bxf6
exf6 9. Be2 Bh6 10. cxd5 Bxd5 11. Nxd5 Qxd5 12. Bf3 Qd7 13. Ne2 O-O 14. O-O
Rfd8 15. Bxc6 Qxc6 16. Qd3 Rac8 17. Nc3 Qc4 18. Rad1 f5 19. Qf3 b5 20. Qb7 Rc7
21. Qxb5 Qxb5 22. Nxb5 Rb7 23. a4 a6 24. Nc3 Rxb2 25. Rd3 Bg7 26. Rfd1 Rb4 27.
Kf1 Rdxd4 28. a5 Rxd3 29. Rxd3 Bxc3 30. Rxc3 Ra4 31. Rc5 Ra2 32. h3 Kf8 33. Re5
h5 34. g3 Kg7 35. Kg2 Kf6 36. Rc5 Ke7 37. Rc7+ Kd8 38. Rc5 Kd7 39. Rd5+ Ke6 40.
Rc5 Kd6 41. Rc8 Rxa5 42. Rf8 Ke6 43. Re8+ Kf6 44. Ra8 Ra4 45. Kf3 Ra3+ 46. Kg2
f4 47. gxf4 Kf5 48. Rc8 Kxf4 49. Rc4+ Ke5 50. Rb4 Rd3 51. Rb7 Ke6 52. Rb6+ Rd6
53. Rb7 f5 54. h4 Kd5 55. Kg3 Kc4 56. f3 a5 0-1

[Event "Szuperliga - GM Szabo Laszlo"]
[Site "Tapolca"]
[Date "2024.04.21"]
[Round "7.8"]
[White "Alexandrova, Angelina"]
[Black "Mihok-Juhasz, Barbara"]
[Result "1/2-1/2"]
[WhiteElo "1806"]
[BlackElo "2236"]
[PlyCount "152"]
[EventDate "2023.10.28"]
[EventType "team-tourn"]
[EventRounds "9"]
[EventCountry "HUN"]
[Source "chess.hu"]
[WhiteTeam "Tapolca Varosi VSE"]
[BlackTeam "Duocor-Makoi SVSE"]
[WhiteTeamCountry "HUN"]
[BlackTeamCountry "HUN"]

1. e4 c5 2. c3 d5 3. exd5 Qxd5 4. d4 Nf6 5. Nf3 e6 6. Na3 Nc6 7. Nb5 Qd8 8.
dxc5 Bxc5 9. Qxd8+ Kxd8 10. Bf4 Ne4 11. Nbd4 Nxd4 12. Nxd4 e5 13. Bxe5 Re8 14.
O-O-O Rxe5 15. Nc6+ Kc7 16. Nxe5 Nxf2 17. Bc4 Nxh1 18. Rxh1 f6 19. Nf3 Bf5 20.
Nd4 Bxd4 21. cxd4 Rd8 22. Rd1 Be4 23. b3 f5 24. Rd2 g5 25. Kb2 Kd6 26. a4 Rd7
27. Kc3 Re7 28. Rf2 f4 29. g3 f3 30. g4 b6 31. h3 h6 32. Kd2 Re8 33. Kc3 Rf8
34. Kd2 Bb7 35. Ke3 Re8+ 36. Kd2 Re4 37. d5 Bxd5 38. Bxd5 Kxd5 39. Rxf3 Rd4+
40. Ke2 Rb4 41. Rf6 Rxb3 42. Rxh6 Ke4 43. h4 Rb2+ 44. Kd1 gxh4 45. Rxh4 Rg2 46.
Rh7 a5 47. Rb7 Kd3 48. Kc1 Kc3 49. Kb1 Rg1+ 50. Ka2 Rxg4 51. Ka3 Rg6 52. Rc7+
Kd4 53. Kb3 Rg3+ 54. Kb2 Kd5 55. Rc8 Rg4 56. Kb3 Rb4+ 57. Ka3 Re4 58. Kb3 Re3+
59. Kb2 Kd6 60. Rc4 Re5 61. Kb3 Re3+ 62. Kb2 Kd5 63. Rc8 Re6 64. Kb3 Rh6 65.
Rc7 Rh3+ 66. Kb2 Kd6 67. Rc8 Rh5 68. Kb3 Rc5 69. Rd8+ Kc7 70. Rh8 Rd5 71. Rg8
Rd3+ 72. Kb2 Rd7 73. Kb3 Kc6 74. Re8 Rc7 75. Rd8 Kc5 76. Rh8 Re7 1/2-1/2

[Event "Szuperliga - GM Szabo Laszlo"]
[Site "Tapolca"]
[Date "2024.04.21"]
[Round "7.9"]
[White "Farkas, Tibor"]
[Black "Arvai, Eszter"]
[Result "1-0"]
[WhiteElo "2201"]
[BlackElo "1920"]
[PlyCount "75"]
[EventDate "2023.10.28"]
[EventType "team-tourn"]
[EventRounds "9"]
[EventCountry "HUN"]
[Source "chess.hu"]
[WhiteTeam "Duocor-Makoi SVSE"]
[BlackTeam "Tapolca Varosi VSE"]
[WhiteTeamCountry "HUN"]
[BlackTeamCountry "HUN"]

1. e4 c5 2. Nf3 e6 3. d4 cxd4 4. Nxd4 Nf6 5. Nc3 d6 6. Be3 a6 7. Qd2 Be7 8. f3
b5 9. a3 Bb7 10. g4 Nfd7 11. O-O-O Nc6 12. h4 Nce5 13. g5 Nb6 14. f4 Nec4 15.
Bxc4 Nxc4 16. Qe1 Qc7 17. Rh3 Rc8 18. Bg1 O-O 19. f5 Qd7 20. Qe2 d5 21. fxe6
fxe6 22. Qg4 Ne5 23. Qxe6+ Qxe6 24. Nxe6 Rf3 25. Rxf3 Nxf3 26. exd5 Bxa3 27.
bxa3 Rxc3 28. Bc5 Bc8 29. Kb2 Rc4 30. h5 g6 31. hxg6 hxg6 32. Bb4 Ne5 33. Rf1
Nf7 34. Rf6 Ne5 35. Rf8+ Kh7 36. Bc3 Bxe6 37. dxe6 Re4 38. e7 1-0

[Event "Szuperliga - GM Szabo Laszlo"]
[Site "Tapolca"]
[Date "2024.04.21"]
[Round "7.10"]
[White "Toth, Barnabas"]
[Black "Meszaros-Csonka, David"]
[Result "0-1"]
[WhiteElo "1965"]
[BlackElo "1963"]
[PlyCount "82"]
[EventDate "2023.10.28"]
[EventType "team-tourn"]
[EventRounds "9"]
[EventCountry "HUN"]
[Source "chess.hu"]
[WhiteTeam "Tapolca Varosi VSE"]
[BlackTeam "Duocor-Makoi SVSE"]
[WhiteTeamCountry "HUN"]
[BlackTeamCountry "HUN"]

1. d4 d5 2. c4 c6 3. cxd5 cxd5 4. Bf4 Nf6 5. e3 Nc6 6. Nc3 a6 7. Bd3 Bg4 8.
Nge2 e6 9. O-O Bd6 10. f3 Bh5 11. Na4 O-O 12. Rc1 e5 13. dxe5 Nxe5 14. Bf5 Bg6
15. Bxg6 Nxg6 16. Bxd6 Qxd6 17. Qb3 b5 18. Nc5 Rfe8 19. Nd4 Ne5 20. Nf5 Qb6 21.
Qc3 Nc4 22. Nd7 Qe6 23. Nxf6+ Qxf6 24. Qxf6 gxf6 25. Rfd1 Nxe3 26. Nxe3 Rxe3
27. Rc2 Rd8 28. Rcd2 Kg7 29. Kf2 Rde8 30. a3 a5 31. Kf1 Rb3 32. Rc1 b4 33. a4
d4 34. Rc5 Re5 35. Rb5 Kg6 36. f4 Rf5 37. Rxd4 Rxb2 38. g4 Rxb5 39. axb5 b3 40.
b6 Rb1+ 41. Ke2 b2 0-1

[Event "Szuperliga - GM Szabo Laszlo"]
[Site "Ajka"]
[Date "2024.04.07"]
[Round "7.1"]
[White "Kozul, Zdenko"]
[Black "Sjugirov, Sanan"]
[Result "0-1"]
[WhiteElo "2530"]
[BlackElo "2689"]
[PlyCount "62"]
[EventDate "2023.10.28"]
[EventType "team-tourn"]
[EventRounds "9"]
[EventCountry "HUN"]
[Source "chess.hu"]
[WhiteTeam "Haladas VSE"]
[BlackTeam "Sentimento Ajka BSK"]
[WhiteTeamCountry "HUN"]
[BlackTeamCountry "HUN"]

1. d4 Nf6 2. c4 e6 3. g3 Bb4+ 4. Bd2 a5 5. Bg2 d5 6. Nf3 O-O 7. a3 Be7 8. Qc2
c6 9. O-O Nbd7 10. h4 h6 11. Bf4 Ne4 12. Nc3 g5 13. hxg5 hxg5 14. Be3 Nd6 15.
c5 Nf5 16. Qd2 g4 17. Nh2 Nxe3 18. Qxe3 Bg5 19. Qd3 e5 20. e3 f5 21. b4 e4 22.
Qc2 Nf6 23. b5 Nh7 24. bxc6 bxc6 25. Qa4 Qe8 26. Rfb1 Bd8 27. Kf1 Ng5 28. Ke1
Kg7 29. Nf1 Nf3+ 30. Kd1 Rh8 31. Kc2 Ba6 {...} 0-1

[Event "Szuperliga - GM Szabo Laszlo"]
[Site "Ajka"]
[Date "2024.04.07"]
[Round "7.2"]
[White "Sarana, Alexey"]
[Black "Ruck, Robert"]
[Result "1-0"]
[WhiteElo "2703"]
[BlackElo "2533"]
[PlyCount "81"]
[EventDate "2023.10.28"]
[EventType "team-tourn"]
[EventRounds "9"]
[EventCountry "HUN"]
[Source "chess.hu"]
[WhiteTeam "Sentimento Ajka BSK"]
[BlackTeam "Haladas VSE"]
[WhiteTeamCountry "HUN"]
[BlackTeamCountry "HUN"]

1. d4 Nf6 2. c4 e6 3. Nc3 Bb4 4. e3 O-O 5. Bd3 c5 6. Nf3 d5 7. cxd5 cxd4 8.
exd4 exd5 9. O-O Bg4 10. Bg5 Bxc3 11. bxc3 Nbd7 12. Rc1 Qa5 13. Qb3 Bxf3 14.
gxf3 Qb6 15. Qxb6 Nxb6 16. Rfe1 Rfe8 17. Bxf6 gxf6 18. Kf1 Rac8 19. Re3 Rxe3
20. fxe3 Na4 21. Ke2 Rxc3 22. Bc2 Kh8 23. Kd2 Rc4 24. Rb1 Nb6 25. Kd3 Rc7 26.
Rb5 Kg7 27. Rc5 Rd7 28. Bb3 f5 29. a4 f4 30. e4 dxe4+ 31. fxe4 f6 32. Rf5 Nc8
33. Be6 Rc7 34. Rxf4 Nd6 35. Rg4+ Kh6 36. Rg8 Rc1 37. Rd8 Rc6 38. e5 fxe5 39.
dxe5 Nb5 40. Bd5 Rc3+ 41. Kd2 1-0

[Event "Szuperliga - GM Szabo Laszlo"]
[Site "Ajka"]
[Date "2024.04.07"]
[Round "7.3"]
[White "Nemeth, Miklos"]
[Black "Banusz, Tamas"]
[Result "0-1"]
[WhiteElo "2447"]
[BlackElo "2620"]
[PlyCount "120"]
[EventDate "2023.10.28"]
[EventType "team-tourn"]
[EventRounds "9"]
[EventCountry "HUN"]
[Source "chess.hu"]
[WhiteTeam "Haladas VSE"]
[BlackTeam "Sentimento Ajka BSK"]
[WhiteTeamCountry "HUN"]
[BlackTeamCountry "HUN"]

1. e4 e5 2. Nf3 Nc6 3. Bc4 Nf6 4. d4 exd4 5. O-O Nxe4 6. Re1 d5 7. Bxd5 Qxd5 8.
Nc3 Qa5 9. Nxe4 Be6 10. Neg5 O-O-O 11. Nxe6 fxe6 12. Rxe6 Be7 13. Qd3 Bf6 14.
Bd2 Qd5 15. Qe4 a5 16. a3 a4 17. Rd1 Qxe4 18. Rxe4 d3 19. Rxa4 dxc2 20. Rc1
Bxb2 21. Rxc2 Bf6 22. h4 Rhe8 23. Bf4 Rd3 24. Kh2 Kd7 25. Be3 b5 26. Ra6 Ne5
27. Nxe5+ Bxe5+ 28. g3 Bc3 29. Ra7 Re4 30. Bf4 Rxf4 31. gxf4 Kc6 32. Re2 Kb6
33. Ra8 Bf6 34. Re4 Kb7 35. Rh8 Rxa3 36. Rxh7 Ra4 37. Re8 b4 38. Rhh8 Kc6 39.
Rb8 Bd4 40. h5 Bb6 41. h6 gxh6 42. Rxh6+ Kb5 43. f5 b3 44. f6 b2 45. Rh5+ Kc6
46. Rh6 Rf4 47. Kg3 b1=Q 48. f7+ Kd7 49. Kxf4 Qc1+ 50. Kf5 Qb1+ 51. Kg4 Qg1+
52. Kh5 Qh1+ 53. Kg5 Qd5+ 54. Kg6 Qe6+ 55. Kg5 Qxf7 56. f4 Be3 57. Rh4 Qe7+ 58.
Kh5 Qf6 59. Rb4 Qf5+ 60. Kh6 Qf8+ 0-1

[Event "Szuperliga - GM Szabo Laszlo"]
[Site "Ajka"]
[Date "2024.04.07"]
[Round "7.4"]
[White "Prohaszka, Peter"]
[Black "Palac, Mladen"]
[Result "1/2-1/2"]
[WhiteElo "2583"]
[BlackElo "2463"]
[PlyCount "60"]
[EventDate "2023.10.28"]
[EventType "team-tourn"]
[EventRounds "9"]
[EventCountry "HUN"]
[Source "chess.hu"]
[WhiteTeam "Sentimento Ajka BSK"]
[BlackTeam "Haladas VSE"]
[WhiteTeamCountry "HUN"]
[BlackTeamCountry "HUN"]

1. d4 Nf6 2. Nf3 d5 3. c4 e6 4. g3 Bb4+ 5. Bd2 Be7 6. Bg2 Nbd7 7. Qc2 c6 8. O-O
O-O 9. Bf4 b6 10. Nbd2 Nh5 11. Be5 Bb7 12. cxd5 cxd5 13. Rfc1 Qe8 14. Bc7 Nb8
15. Bxb8 Rxb8 16. e3 Nf6 17. Bf1 Rc8 18. Qb3 Bd6 19. Bb5 Rxc1+ 20. Rxc1 Qa8 21.
Qa4 a6 22. Bd3 Rc8 23. Rxc8+ Qxc8 24. Qc2 Qxc2 25. Bxc2 Kf8 26. Kf1 Ke7 27. Ke2
g6 28. h4 Nd7 29. Nb1 f5 30. Nc3 Bc6 1/2-1/2